| 000 | 00681nam a22002057a 4500 | ||
|---|---|---|---|
| 005 | 20251108165355.0 | ||
| 008 | 250721s1983 xx 000 0 ara d | ||
| 082 | 1 | 4 | _aم/016.091/سلا |
| 100 | 1 | _aسلامه، خضر إبراهيم | |
| 245 | 1 | 0 | _aفهرس مخطوطات مكتبة المسجد الأقصى / |
| 250 | _aط2 | ||
| 264 | 1 |
_aعمان : _bالمجمع الملكي لبحوث الحضارة الإسلامية(مؤسسة آل البيت)، _c1983. |
|
| 300 | _a2ج | ||
| 650 | 1 | 7 | _aالمخطوطات العربية |
| 650 | 1 | 7 | _aالفهارس |
| 650 | 1 | 7 | _aالمكتبات |
| 650 | 1 | 7 | _aالمسجد الأقصى |
| 942 |
_2ddc _cREF |
||
| 999 |
_c26379 _d26379 |
||